Aktuálne otázky sociálnej politiky v slovenskej ekonomike bakalárska práca

Enregistré dans:
Détails bibliographiques
Auteur principal: Porkertová, Lenka
Collectivité auteur: Národohospodárska fakulta EU. Katedra hospodárskej politiky
Autres auteurs: Pružinský, Patrik
Format: Livre
Langue:slovaque
Publié: Bratislava 2014
Tags: Ajouter un tag
Pas de tags, Soyez le premier à ajouter un tag!

MARC

LEADER 00000nbm a2200000 4500
001 0191621
005 20170201085359.8
041 0 |a slo 
044 |a SK 
245 1 0 |a Aktuálne otázky sociálnej politiky v slovenskej ekonomike  |b bakalárska práca  |c Lenka Porkertová ; školiteľ: Patrik Pružinský 
264 1 |a Bratislava  |c 2014 
300 |a 45 s. 
100 1 |a Porkertová, Lenka 
700 1 |a Pružinský, Patrik 
710 2 |a Národohospodárska fakulta EU. Katedra hospodárskej politiky